000 00355nam a2200157Ia 4500
001 32188
003 IN-NITTTR
005 20251114233428.0
008 251113s9999||||xx |||||||||||||| ||eng||
040 _beng
040 _cIN-NITTTR
041 _aeng
082 _a004.65 k96C
245 0 _aComputer Networking- A top- down Approach /
942 _2ddc
_cBK
999 _c34818
_d34818